| 000 | 003210000a22001330004500 | ||
|---|---|---|---|
| 003 | MACL | ||
| 040 | _aMACL | ||
| 090 |
_c41026 _d41024 |
||
| 100 | _aWright, Ernest Hunter | ||
| 245 |
_aRichards Topical Encyclopedia _bVol 13 |
||
| 260 |
_bThe Richards Company Ltd _c1956 |
||
| 650 | _aEncyclopaedia | ||
| 942 |
_cRBKS _k030/WRI |
||
| 999 |
_c40586 _d40586 |
||